000 00345pam a2200157a 44500
008 230515b2008 xxu||||| |||| 00| 0 eng d
020 _aNULL
041 _aENGLISH
082 _a630
100 _aSP: 6(6)-1972
245 _aISI HANDBOOK FOR STRUCTURAL ENGG
250 _a0
260 _aDELHI
_bISI
_c2008
300 _a13
650 _aNULL
999 _c652235
_d652235